000 00659nam a22002057a 4500
003 0
005 20260116095721.0
008 260116b xxu||||| |||| 00| 0 eng d
020 _a978-0-486-28039-4
050 _aCL
_bD55 1994
082 _aCL
_bD55 1994
100 _aDickens, Charles
245 _aThe Cricket on the hearth and other christmas stories
_cCharles Dickens
250 _aDover Thrift editions
260 _aMineola, New York :
_bDover Publications, Inc.,
_c1994.
300 _a118 pages ;
_c21 cm.
520 _aThe Cricket on the hearth -- The holly-tree -- The haunted house.
650 _aChristmas stories, English.
942 _2ddc
_cBK
999 _c368706
_d368706